| 000 | 00978pam a2200301 a 4500 | ||
|---|---|---|---|
| 008 | |||
| 020 | _a0192616625 (pbk.) | ||
| 049 | _aMAIN | ||
| 090 |
_aQR201.V55 _bCOL |
||
| 100 | 1 | _aCollier, Leslie Harold. | |
| 245 | 1 | 0 |
_aHuman virology : _ba text for students of medicine, dentistry, and microbiology / _cLeslie Collier and John Oxford. |
| 260 |
_aOxford : _bOxford University Press, _c1993. |
||
| 300 |
_axii, 398 p. : _bill. ; _c28 cm. |
||
| 440 | 0 | _aOxford medical publications | |
| 504 | _aIncludes bibliographical references. | ||
| 500 | _aIncludes Index. | ||
| 650 | 0 | _aMedical virology. | |
| 650 | 2 |
_aVirology _xmethods. |
|
| 650 | 2 |
_aVirus Diseases _xmicrobiology. |
|
| 650 | 2 | _aViruse Replication. | |
| 650 | 2 |
_aViruses _xpathogenicity. |
|
| 700 | 1 | _aOxford, John Sidney. | |
| 907 |
_a.b10254985 _b13-09-12 _c22-04-08 |
||
| 003 | |||
| 005 | 20230120204007.0 | ||
| 040 | _cNUST | ||
| 942 |
_cBOOKS _kQR201.V55 _mCOL |
||
| 999 |
_c115220 _d115220 |
||